<?xml version="1.0" encoding="UTF-8"?>
<collection xmlns="http://www.loc.gov/MARC21/slim">
  <record>
    <leader>00000nam  2200000   4500</leader>
    <controlfield tag="001">INLIS000000000057508</controlfield>
    <controlfield tag="005">20210202090822</controlfield>
    <datafield tag="035" ind1="#" ind2="#">
      <subfield code="a">0010-0221000011</subfield>
    </datafield>
    <controlfield tag="007">ta</controlfield>
    <controlfield tag="008">210202###########################0#ind##</controlfield>
    <datafield tag="020" ind1="#" ind2="#">
      <subfield code="a">978-602-9281-00-2</subfield>
    </datafield>
    <datafield tag="082" ind1="#" ind2="#">
      <subfield code="a">392.559 853 6</subfield>
    </datafield>
    <datafield tag="084" ind1="#" ind2="#">
      <subfield code="a">392.559 853 6 Fac n.2</subfield>
    </datafield>
    <datafield tag="245" ind1="#" ind2="#">
      <subfield code="a">Nika Mbojo Antara Islam dan Tradisi /</subfield>
      <subfield code="c">Drs. H.M Fachrir Rahman, MA</subfield>
    </datafield>
    <datafield tag="250" ind1="#" ind2="#">
      <subfield code="a">cet. 1</subfield>
    </datafield>
    <datafield tag="300" ind1="#" ind2="#">
      <subfield code="a">xiii, 94 halaman ;</subfield>
      <subfield code="c">20 cm</subfield>
    </datafield>
    <datafield tag="700" ind1=" " ind2="#">
      <subfield code="a">Dra. Hj. Nurmukminah</subfield>
    </datafield>
    <datafield tag="600" ind1="#" ind2="4">
      <subfield code="a">Adat Perkawinan - Bima</subfield>
    </datafield>
    <datafield tag="740" ind1="#" ind2="#">
      <subfield code="a">Nika Mbojo Antara Islam dan Tradisi</subfield>
    </datafield>
    <datafield tag="264" ind1="#" ind2="#">
      <subfield code="a">Mataram :</subfield>
      <subfield code="b">Alam Tara Learning Institute,</subfield>
      <subfield code="c">2011</subfield>
    </datafield>
    <datafield tag="336" ind1="#" ind2="#">
      <subfield code="a">Teks</subfield>
      <subfield code="2">rdacontent</subfield>
    </datafield>
    <datafield tag="337" ind1="#" ind2="#">
      <subfield code="a">Buku</subfield>
      <subfield code="2">rdamedia</subfield>
    </datafield>
    <datafield tag="338" ind1="#" ind2="#">
      <subfield code="a">lain-lain</subfield>
      <subfield code="2">rdacarrier</subfield>
    </datafield>
    <datafield tag="990" ind1="#" ind2="#">
      <subfield code="a">7202100075</subfield>
    </datafield>
    <datafield tag="990" ind1="#" ind2="#">
      <subfield code="a">029/42/2013</subfield>
    </datafield>
    <datafield tag="990" ind1="#" ind2="#">
      <subfield code="a">15001500</subfield>
    </datafield>
    <datafield tag="990" ind1="#" ind2="#">
      <subfield code="a">029/42/2013</subfield>
    </datafield>
    <datafield tag="990" ind1="#" ind2="#">
      <subfield code="a">029/42/2013</subfield>
    </datafield>
  </record>
</collection>
